Essentials of Oceanography (Record no. 7511)

MARC details
000 -LEADER
fixed length control field 00526nam a22001937a 4500
003 - CONTROL NUMBER IDENTIFIER
control field OSt
005 - DATE AND TIME OF LATEST TRANSACTION
control field 20211122140628.0
008 - FIXED-LENGTH DATA ELEMENTS--GENERAL INFORMATION
fixed length control field 211122b ||||| |||| 00| 0 eng d
020 ## - INTERNATIONAL STANDARD BOOK NUMBER
International Standard Book Number 0495105805
040 ## - CATALOGING SOURCE
Transcribing agency DDC
082 ## - DEWEY DECIMAL CLASSIFICATION NUMBER
Edition number 4th.ed
Classification number 551.46GAR2006
100 ## - MAIN ENTRY--PERSONAL NAME
Personal name Garrison ,Tom
9 (RLIN) 12717
245 ## - TITLE STATEMENT
Title Essentials of Oceanography
Statement of responsibility, etc. Garrison, Tom
300 ## - PHYSICAL DESCRIPTION
Extent xvi,368p;
Other physical details ill:col
Dimensions 23cm
440 ## - SERIES STATEMENT/ADDED ENTRY--TITLE
Title Essentials of Oceanography
9 (RLIN) 15378
504 ## - BIBLIOGRAPHY, ETC. NOTE
Bibliography, etc Includes Appendix,Glossary&Index
650 ## - SUBJECT ADDED ENTRY--TOPICAL TERM
Source of heading or term Geography
942 ## - ADDED ENTRY ELEMENTS (KOHA)
Source of classification or shelving scheme Dewey Decimal Classification
Koha item type Open Shelf
Holdings
Withdrawn status Lost status Source of classification or shelving scheme Damaged status Not for loan Home library Current library Date acquired Inventory number Total Checkouts Full call number Barcode Date last seen Price effective from Koha item type
    Dewey Decimal Classification     MUST Main Library MUST Main Library 22/11/2021 07/29100   551.46GAR2006 2021-1796 22/11/2021 22/11/2021 Open Shelf